000 00767nam a22003010a 4500
001 PT54460
003 AR-LpoUNG
005 20210131231625.0
008 191001s2013||||ag |||||||||||||||||spa d
020 _a9789871326969
_c$HASH(0x561e1fabb2f0)
040 _aAR-LpoUNG
_bspa
_cAR-LpoUNG
_eaacr
041 _aspa
044 _aag
082 0 _aA864 351car
100 1 _aCastiñeira de Dios, José María
245 1 0 _aDe cara a la vida :
_bprimera parte : 1920-1972
250 _a1§ ed.
260 _aBuenos Aires :
_bUNLa,
_c2013.
300 _a180 p. :
_btbls.
650 4 _aARGENTINA
650 4 _aCULTURA
650 4 _aIDENTIDAD CULTURAL
650 4 _aLITERATURA
650 4 _aPOESIA
651 4 _aArgentina
905 _a54460
942 _cLIB
999 _c11074
_d11074